书目信息 |
| 题名: |
分析马克思主义新论
|
|
| 作者: | 韦尔 , 尼尔森 编 ;鲁克剑 译 | |
| 分册: | ||
| 出版信息: | 北京 中国人民大学出版社 2002 |
|
| 页数: | 420页 | |
| 开本: | 24cm | |
| 丛书名: | 马克思主义研究译丛 | |
| 单 册: | ||
| 中图分类: | B089.1 | |
| 科图分类: | ||
| 主题词: | 西方马克思主义--研究--现代 , 西方马克思主义 | |
| 电子资源: | ||
| ISBN: | 7-300-04283-X | |
| 000 | 01175nam0 2200301 450 | |
| 001 | 002350090 | |
| 005 | 20060220082450.87 | |
| 010 | @a7-300-04283-X@dCNY42.00 | |
| 092 | @aCN | |
| 100 | @a20030303d2002 emky0chiy0110 ea | |
| 101 | 1 | @achi@ceng |
| 102 | @aCN@b110000 | |
| 105 | @ay z 000yy | |
| 200 | 1 | @a分析马克思主义新论@9fen xi ma ke si zhu yi xin lun@f(加)罗伯特·韦尔,凯·尼尔森编@F(jia)luo bo te·wei er,kai·ni er sen bian@g鲁克俭等译 |
| 210 | @a北京@c中国人民大学出版社@d2002 | |
| 215 | @a420页@d24cm | |
| 225 | 2 | @a马克思主义研究译丛 |
| 306 | @a《加拿大哲学杂志》和卡尔加里大学出版社授权出版 | |
| 330 | @a本书是一本关于分析马克思主义的重要文集。除“导论”和“跋”外,本书由四部分组成:第一部分是四篇纲领性论文;第二部分讨论了分析马克思主义的方法论和微观基础;第三部分研究了马克思的剥削观;第四部分研究马克思主义中的一些具体问题。 | |
| 410 | 0 | @1001002205164@12001 @a马克思主义研究译丛 |
| 606 | 0 | @a西方马克思主义@x研究@z现代 |
| 606 | 0 | @a西方马克思主义 |
| 690 | @aB089.1@v4 | |
| 701 | 0 | @a韦尔@Awei er@4编 |
| 701 | 0 | @a尼尔森@Ani er sen@4编 |
| 702 | 0 | @a鲁克剑@9lu ke jian@4译 |
| 801 | 0 | @aCN@bTSSF@c20060220 |
| 905 | @a10447@dB089.1@e27 | |
| 分析马克思主义新论/(加)罗伯特·韦尔,凯·尼尔森编/鲁克俭等译.-北京:中国人民大学出版社,2002 |
| 420页;24cm.-(马克思主义研究译丛) |
| ISBN 7-300-04283-X:CNY42.00 |
| 本书是一本关于分析马克思主义的重要文集。除“导论”和“跋”外,本书由四部分组成:第一部分是四篇纲领性论文;第二部分讨论了分析马克思主义的方法论和微观基础;第三部分研究了马克思的剥削观;第四部分研究马克思主义中的一些具体问题。 |
| ● |
| 相关链接 |
|
|
|
|
正题名:分析马克思主义新论
索取号:B089.1/27
 
预约/预借
| 序号 | 登录号 | 条形码 | 馆藏地/架位号 | 状态 | 备注 |
| 1 | 0338281 | 203382810 | 第一样本阅览室/ [索取号:B089.1/27] | 在馆 | |
| 2 | 0338282 | 203382829 | 第一借阅区/ [索取号:B089.1/27] | 在馆 | |
| 3 | 0338283 | 203382838 | 第一借阅区/ [索取号:B089.1/27] | 在馆 | |
| 4 | 0338284 | 203382847 | 第一借阅区/ [索取号:B089.1/27] | 在馆 | |
| 5 | 0338285 | 203382856 | 第一借阅区/ [索取号:B089.1/27] | 在馆 |